Jak się nazywa mieszkaniec każdego kraju europy formie męskiej - Statystyki

Ogólne statystyki
  • Ten quiz został rozwiązany 143 razy
  • Średni wynik to 31 z 52
Statystyki odpowiedzi
Kraj Mieszkaniec % Poprawnych
węgry węgier
98%
szwajcaria szwajcar
97%
Albania Albańczyk
94%
szwecja szwed
94%
włochy włoch
94%
ukraina ukrainiec
87%
wielka brytania brytyjczyk
86%
niemcy niemiec
83%
watykan watykańczyk
80%
macedonia macedończyk
76%
litwa litwin
74%
polska polak
72%
Belgia Belg
70%
Czechy Czech
70%
rumunia rumun
70%
Białoruś Białoruśin
69%
Francja Francuz
69%
norwegia norweg
69%
Chorwacja Chorwat
68%
portugalia portugalczyk
68%
Estonia Estończyk
67%
Grecja Grek
67%
serbia serb
67%
słowacja słowak
67%
Hiszpania Hiszpan
66%
irlandia irlandczyk
66%
Islandia Islandczyk
65%
Austria Austriak
64%
Dania Duńczyk
63%
Turcja turek
63%
gruzja gruzin
62%
rosja rosjanin
62%
Bośnia i Hercegowina Bośniak
61%
Armenia Armeńczyk
60%
Holandia Holender
59%
Kazachstan kazach
59%
Andora Andorczyk
54%
łotwa łotysz
54%
mołdawia Mołdawianin
54%
monako monakijczyk
54%
Finlandia Finlandczyk
47%
cypr cypryjczyk
45%
luksemburg luksemburczyk
43%
słowenia słoweniec
42%
Kosowo kosowianin
28%
Giblartar Giblartarczyk
21%
Bułgaria Bułar
5%
Azerbejdźan zerbejdżanin
3%
Liechtenstien Liechtensteiner
2%
san marino sanmaryńczuk
2%
Malta malatańczyk
0%
Naddniestrze naddniestranin
0%
Nie znaleziono quizów pasujących do podanych kryteriów
Rozkład punktacji
Procent ludzi z każdym wynikiem
Percentyl według liczby udzielonych odpowiedzi
Twoja historia wyników
Nie rozwiązałeś tego quizu